Policy making and executive action
| Main Author: | |
|---|---|
| Format: | Book |
| Published: |
New York, St. Louis :
McGraw-Hill ,
1977
|
| Series: | (McGraw-Hill series in management)
|
| Subjects: |
MARC
| LEADER | 00000cam a2200000 7i4500 | ||
|---|---|---|---|
| 001 | 0000001331 | ||
| 005 | 20050506.0 | ||
| 020 | |a 007045678x | ||
| 040 | |a INS | ||
| 090 | 0 | 0 | |a HD31. |b M279 1977 |
| 100 | 1 | |a McNichole, Thomas J. | |
| 245 | 1 | 0 | |a Policy making and executive action |c Thomas J. McNichole |
| 260 | |a New York, St. Louis : |b McGraw-Hill , |c 1977 | ||
| 300 | |a xv, 927p. ; |c 24 cm. | ||
| 440 | 0 | |a (McGraw-Hill series in management) | |
| 500 | |a Includes index | ||
| 650 | 0 | 0 | |a Industrial management |
| 650 | 0 | 0 | |a industrial management |x Case |
| 999 | |a 0000002132 |b BOOK |c Open Shelf |e Default branch | ||